00265nam a2200121Ia 4500003000400000008004100004082001600045100001800061245002500079260002300104300000800127650000800135OSt191201s2019 xx 000 0 und d a658.15bBEF aBERK,Jonathan 0aFinancial Management aNew DelhibPearson a595 aMBA